Malo de magia /
Guardado en:
| Autor principal: | |
|---|---|
| Formato: | Desconocido |
| Lenguaje: | Spanish |
| Publicado: |
Cuba :
Editorial Letras Cubanas,
1990.
|
| Materias: | |
| Etiquetas: |
Agregar Etiqueta
Sin Etiquetas, Sea el primero en etiquetar este registro!
|
MARC
| LEADER | 000000000a22000000004500 | ||
|---|---|---|---|
| 001 | 001992 | ||
| 041 | 0 | |a spa | |
| 082 | 0 | 4 | |a Cu861.44 |b P334m |
| 100 | 1 | |a Pausides, Alex, |d 1940- | |
| 245 | 1 | 0 | |a Malo de magia / |c Alex Pausides. |
| 260 | 1 | |a Cuba : |b Editorial Letras Cubanas, |c 1990. | |
| 300 | |a 69 páginas ; |c 19 cm. | ||
| 650 | 4 | |a LITERATURA CUBANA | |
| 650 | 4 | |a POESIA | |
| 999 | |c 8600 |d 8600 | ||
| 942 | |c BK |h Cu861.44 P334m |2 z | ||
